Normal view
MARC view
- Calderón de la Barca, Pedro,
Entry Nombre Personal
001 - NUMERO DE CONTROL
- campo de control: 28623
003 - IDENTIFICADOR DE NUMERO DE CONTROL
- campo de control: UPN
005 - FECHA Y HORA DE LA ÜLTIMA TRANSACCIÓN
- campo de control: 20220912130333.0
008 - DATOS DE LONGITUD FIJA
- campo de control de longitud fija: 220912n||acannaabn a aaa |d
035 ## - NUMERO DE CONTROL
- Número de control: UPN11000000729
040 ## - FUENTE DE CATALOGACIÓN
- Agencia original de catalogación: UPN
- Lenguaje de catalogación: SPA
- Agencia de transcripción: UPN
053 #4 - NÚMERO DE CLASIFICACIÓN LC
- Número de clasificación elemento-número único o número inicial de tramo: PQ6292 A6
100 1# - ENCABEZAMIENTO - NOMBRE PERSONAL
- Nombre personal: Calderón de la Barca, Pedro,
- Fechas asociadas con el nombre: 1600-1681
670 ## - FUENTE EN LA QUE SE LOCALIZARON DATOS
- Cita de la fuente: T
- Información localizada: Salvat universal
680 ## - NOTA PUBLICA DE ACCESO PÚBLICO
- Frase explicativa de la referencia: Dramaturgo español
902 ## - CATALOGADOR
- Catalogador: DAA/221107
